000 00662cam a22002293a 4500
001 18474
003 PGUSA
005 20140828083407.0
008 060530s2006||||xxu|||||s|||||000 | eng d
040 _aPGUSA
_beng
042 _adc
050 4 _aBF
100 1 _aKujala, Juho,
_d1878-1919
245 1 0 _aPiru :
_bHistoriallinen katsaus pirun alkuperään, elämään ja toimintaan
_h[electronic resource] /
_cJuho Kujala
260 _bProject Gutenberg,
_c2006
506 _aPublic domain in the USA.
516 _aElectronic text
653 _aDevil
830 0 _aProject Gutenberg
_v18474
856 4 0 _uhttp://www.gutenberg.org/ebooks/18474
942 _cEB
999 _c247729
_d247729